[Event "Hebraica op 30th"]
[Site "Hebraica"]
[Date "2023.02.10"]
[Round "1"]
[White "Wunderlich, Fabian"]
[Black "De Camargo, Benjamin Santinello"]
[Result "1-0"]
[WhiteElo "1783"]
[BlackElo "1079"]
[PlyCount "67"]
[EventDate "2023.02.10"]
[EventType "swiss"]
[EventRounds "7"]
[EventCountry "BRA"]
[SourceTitle "CBM 212 Extra"]
[Source "ChessBase"]
[SourceDate "2023.03.31"]
[SourceVersion "1"]
[SourceVersionDate "2023.03.31"]
[SourceQuality "1"]

1. d4 Nf6 2. c4 g6 3. g3 c6 4. Bg2 d5 5. Nf3 Bg7 6. 0-0 0-0 7. b3 Bf5 8. Bb2 Re8 9. Nbd2 Na6 10. a3 Rc8 11. Nh4 e6 12. Nxf5 exf5 13. Nf3 Ne4 14. Ne5 Bxe5 15. dxe5 Qb6 16. cxd5 cxd5 17. b4 Red8 18. Qd3 Nxb4 19. axb4 Qxb4 20. Ba3 Qc4 21. Rfc1 Qxd3 22. exd3 Nd2 23. Rxc8 Rxc8 24. Bxd5 b6 25. Bb4 Rd8 26. Bd6 a5 27. Rd1 a4 28. Rxd2 b5 29. Bc6 f6 30. f4 fxe5 31. fxe5 Kf7 32. Bxb5 a3 33. Bxa3 Ke6 34. d4 1-0